000 00895cam a2200229 a 4500
001 2838088
005 20180221034901.0
008 830606s1983 dcua b f000 0 eng c
010 _a 83601477
040 _aDGPO/DLC
_cDLC
_dDLC
041 _aeng
043 _an-us---
080 _a343.730742 SEY
082 0 0 _a343.730742 SEY
_a347.303742
_219
100 _a52
101 _aECO
245 1 4 _aThe Defense Economic Adjustment Act :
504 _aIncludes bibliographical references.
530 _aAlso available in digital form on the Library of Congress Web site.
906 _a7
_bcbc
_corignew
_d2
_encip
_f19
_gy-gencatlg
942 _2ddc
_cBK
999 _c42993
_d42993